| 000 | 01117nam a2200313Ia 4500 | ||
|---|---|---|---|
| 005 | 20220317001748.0 | ||
| 008 | 170328s2015 m g 000 0 s | ||
| 020 | _a9786071633606 | ||
| 041 | _aspa | ||
| 082 | 0 | 4 |
_aMe864.08 _bP19l |
| 100 | 1 |
_aPaz, Octavio _d1914-1998 |
|
| 245 | 1 | 3 |
_aEl laberinto de la soledad ; Postdata ; Vuelta a el laberinto de la soledad _cOctavio Paz ; edición y prólogo Enrico Mario Santí |
| 250 | _a5a. edición | ||
| 300 |
_a445 páginas _c18 cm |
||
| 490 | _aPopular | ||
| 500 | _aIncluye datos biográficos del autor | ||
| 586 | _aPremio Nobel de Literatura 1990 | ||
| 650 | 1 | 4 |
_2LEMB _aAutores mexicanos _ySiglo XX |
| 650 | 1 | 4 |
_2LEMB _aLiteratura mexicana _ySiglo XX |
| 650 | 1 | 4 |
_2LEMB _aEnsayos mexicanos _ySiglo XX |
| 651 | 4 |
_aMexico _vCivilización _xEnsayos, conferencias, etc _990181 |
|
| 700 | 1 |
_aSanti, Enrico Mario _990182 |
|
| 942 |
_2ddc _cBKLIT |
||
| 264 |
_aMéxico _bFondo de Cultura Económica _c2015 |
||
| 336 |
_atexto _btxt _2rdacontent |
||
| 337 |
_asin mediación _bn _2rdamedia |
||
| 338 |
_avolumen _bnc _2rdacarrier |
||
| 040 |
_aCO-BoRNBP _bspa _erda _cCO-BoRNBP |
||
| 999 |
_c8005 _d8005 |
||